00425nam a22001457a 4500008004100000020001800041040001500059050002200074100002100096245007500117260003300192300001000225500001900235650002500254250212b |||||||| |||| 00| 0 eng d a9789966015440 aKABUcKABU aHF5681b.O83 2016 aOsano, Hezron M. aA practical guide to financial analysis and lending /cHezron M. Osano aNairobi:bCUEA Press,c2016. a173p. aIncludes index aFinancial statements